Prakratika bhoogolashastrada mulatatvagalu (Record no. 233632)
[ view plain ]
| 000 -LEADER | |
|---|---|
| fixed length control field | 00886nam a22002417a 4500 |
| 005 - DATE AND TIME OF LATEST TRANSACTION | |
| control field | 20250407112214.0 |
| 008 - FIXED-LENGTH DATA ELEMENTS--GENERAL INFORMATION | |
| fixed length control field | 250115b ||||| |||| 00| 0 eng d |
| 020 ## - INTERNATIONAL STANDARD BOOK NUMBER | |
| International Standard Book Number | 97881910849078 |
| 040 ## - CATALOGING SOURCE | |
| Transcribing agency | AL |
| 041 ## - LANGUAGE CODE | |
| Language code of text/sound track or separate title | Kannada |
| 082 ## - DEWEY DECIMAL CLASSIFICATION NUMBER | |
| Edition number | 23 |
| Classification number | 915.4K |
| Item number | RANP |
| 100 ## - MAIN ENTRY--PERSONAL NAME | |
| Personal name | RANGANATHA |
| 100 ## - MAIN ENTRY--PERSONAL NAME | |
| 9 (RLIN) | 207747 |
| 100 ## - MAIN ENTRY--PERSONAL NAME | |
| Numeration | ರಂಗನಾಥ |
| 9 (RLIN) | 207748 |
| 245 ## - TITLE STATEMENT | |
| Title | Prakratika bhoogolashastrada mulatatvagalu |
| Remainder of title | ಪ್ರಾಕೃತಿಕ ಭೂಗೋಳಶಾಸ್ತ್ರದ ಮೂಲತತ್ವಗಳು |
| 260 ## - PUBLICATION, DISTRIBUTION, ETC. | |
| Place of publication, distribution, etc. | Gadaga |
| Name of publisher, distributor, etc. | Vidyanidhi Prakashana |
| Date of publication, distribution, etc. | 2024 |
| 300 ## - PHYSICAL DESCRIPTION | |
| Extent | xii,571p. |
| Other physical details | PB |
| Dimensions | 25x18cm. |
| 365 ## - TRADE PRICE | |
| Source of price type code | Political Science |
| Price type code | BLCR-000062 |
| Price amount | 576.00 |
| Currency code | ₹ |
| Unit of pricing | 720.00 |
| Price note | 20% |
| Price effective from | 07-01-2025 |
| 650 ## - SUBJECT ADDED ENTRY--TOPICAL TERM | |
| Topical term or geographic name entry element | Principles of Physical Geography |
| 9 (RLIN) | 193544 |
| 650 ## - SUBJECT ADDED ENTRY--TOPICAL TERM | |
| Topical term or geographic name entry element | Lithosphere: ಶಿಲಾಗೋಳ |
| 9 (RLIN) | 193545 |
| 650 ## - SUBJECT ADDED ENTRY--TOPICAL TERM | |
| Topical term or geographic name entry element | Competitive Examination |
| 9 (RLIN) | 193549 |
| 700 ## - ADDED ENTRY--PERSONAL NAME | |
| Personal name | RANGANATHA |
| 9 (RLIN) | 193543 |
| 942 ## - ADDED ENTRY ELEMENTS (KOHA) | |
| Source of classification or shelving scheme | Dewey Decimal Classification |
| Koha item type | Book |
| Withdrawn status | Lost status | Source of classification or shelving scheme | Damaged status | Not for loan | Collection code | Home library | Current library | Date acquired | Source of acquisition | Cost, normal purchase price | Total Checkouts | Full call number | Barcode | Date last seen | Cost, replacement price | Price effective from | Koha item type |
|---|---|---|---|---|---|---|---|---|---|---|---|---|---|---|---|---|---|
| Dewey Decimal Classification | Political Science | St Aloysius Library | St Aloysius Library | 01/07/2025 | Navakarnataka Publications Pvt. Ltd. Mangaluru-575001 | 576.00 | 915.4K RANP | 077495 | 01/15/2025 | 720.00 | 01/15/2025 | Book |